La deficiencia auditiva: un enfoque cognitivo

Salvato in:
Dettagli Bibliografici
Autore principale: Rodríguez Santos, José Miguel (Autore)
Natura: Libro
Lingua:spagnolo
Pubblicazione: Salamanca Universidad Pontificia Salamanca 1990
Serie:Bibliotheca Salmanticensis, 127
Soggetti:
Tags: Aggiungi Tag
Nessun Tag, puoi essere il primo ad aggiungerne!!

MARC

LEADER 00000nam a2200000 a 4500
001 UCR5048
003 CL-VaPUC
008 980320e19900000SP |||||||||||||||||spa|d
082 0 4 |a 371.912  |b ROD  |2 21 
100 0 |a Rodríguez Santos, José Miguel  |e author  |9 405707 
245 1 3 |a La deficiencia auditiva: un enfoque cognitivo 
300 |a 243 p 
942 |c BK 
945 |d 19980320 00:00:00  |a rbrito 
260 |a Salamanca  |b Universidad Pontificia Salamanca  |c 1990 
650 0 |a Educación especial  |9 307486 
650 0 |a Educación de sordos  |9 308353 
650 7 |a SORDERA  |2 CL-VaPUC  |9 311920 
650 0 |a Lenguaje   |9 265069 
650 0 |a Memoria  |9 266549 
650 7 |a NIÑOS IMPEDIDOS FISICAMENTE  |2 CL-VaPUC  |9 308354 
583 |a last modification  |c 19980320 00:00:00  |k Rodrigo Vera 
490 0 |a Bibliotheca Salmanticensis, 127 
999 |c 267782  |d 267780 
952 |0 0  |1 0  |4 0  |6 371_912000000000000_ROD_1990  |7 0  |8 A  |9 300331  |a BIBEDU  |b BIBEDU  |c ES_NOD  |d 2019-11-20  |i 3404544  |o 371.912 ROD 1990  |p 3404544  |r 2023-08-09  |w 2019-11-20  |y BK  |k EPE 
952 |0 0  |1 0  |4 0  |6 371_912000000000000_ROD_1990  |7 0  |8 A  |9 300332  |a BIBEDU  |b BIBEDU  |c ES_NOD  |d 2019-11-20  |i 3604756  |o 371.912 ROD 1990  |p 3604756  |r 2023-08-09  |w 2019-11-20  |y BK  |k EPE 
952 |0 0  |1 0  |4 0  |6 371_912000000000000_ROD_1990  |7 0  |8 A  |9 300333  |a BIBEDU  |b BIBEDU  |c ES_NOD  |d 2019-11-20  |i 3604764  |l 2  |o 371.912 ROD 1990  |p 3604764  |r 2023-08-09  |s 2023-08-04  |w 2019-11-20  |y BK  |k EPE